Music Quiz

Random Music or Song Quiz

Word Scramble (Pop/Punk/Metal/Rock/etc. bands) Quiz Stats

 Plays Quiz not verified by Sporcle

Score 0/50 Timer 10:00
1 Play Today
Letters Band % Correct
GYRAEDENGreen Day
89%
MEYCNCHAMEOMIRCLAMy Chemical Romance
82.5%
SSLNEEERPIISNHGTWISleeping With Sirens
78.7%
LKIRNAKPINLinkin Park
78.6%
BSLEADCIKRVBELIBlack Veil Brides
76.7%
AWLOLLTEIMAll Time Low
76.7%
PLIIEERVCEEHTPierce The Veil
72.9%
ONFEMMI&ECOf Mice & Men
65.6%
MEADYADRAAYPMayday Parade
63%
BNROIZNIGRMOEHTEHBring Me The Horizon
59.5%
SEUCINCEILDIESSuicide Silence
58.5%
AASIKRIDNNGAAXLEAsking Alexandria
57.5%
FEASLRLEIVNERNIGFalling In Reverse
52.2%
EESTCAFAPEEHTEscape The Fate
51.5%
TYAAKDINNUGSBKASTaking Back Sunday
50.5%
HDOALELDYNWUODOHollywood Undead
49.1%
RSEUDTJAURMAPPSPUAITRed Jumpsuit Apparatus
44.4%
AKUZKuza
43.7%
TEOVNIILGAHTTonight Alive
41%
CKHNUUNHKCNNOICAATP!Chunk! No Captain Chunk
41%
BRLODLFONOOTOEHCENADBlood On The Dance Floor
36.9%
CSHOIDOChiodos
34.2%
BEUNLILTENTEFLOARVYMBullet For My Valentine
29.8%
WSENCAAMMOERSAWe Came As Romans
26.5%
RTISSNEIAAGRise Against
25.6%
Letters Band % Correct
OSITSTNWIHEOMNEILMotionless In White
25.3%
ARDEABYMTEOMREA Day To Remember
24.2%
DEECUDeuce
23.9%
AESVKIYRLDITA Skylit Drive
21.4%
NYEAWDYSERANew Years Day
21%
SSCDAIRKYGKNIIDRSASCScary Kids Scaring Kids
20.1%
FEAVROELWYEMLLFarewell My Love
18.5%
DLROOOWPNGINDrowning Pool
14.3%
DSEWSOTHRSODYORGELBIUTINLUDDestroy Rebuild Until God Shows
13.7%
JREAFTFSEREJeffree Star
13.7%
BARNEIALTOHREACBreathe Carolina
12.7%
FHICVNEUFPIHNTGAEERDFive Finger Death Punch
10.7%
ISSREAETSI See Stars
10%
TTHEESRYEDAThe Ready Set
9.7%
GDEETRSACGet Scared
9.6%
FTRSOALMFOITRTSFrom First To Last
7.7%
PHACPAAORPapa Roach
7.2%
MSIDKNEAYHWYHEIKSMikeyWhiskeyHands
5.1%
FGONRIAPLELETLHSOESFor All Those Sleeping
4.8%
ODVLERROWOverworld
3.6%
JOOTREDEAWNSJordan Sweeto
3.3%
TSHTEHKGIILLLGINThe Killing Lights
1.7%
BSATDIRBABBad Rabbits
1.2%
TEETMAPFTGINTempting Fate
1.2%
BSEEFYOERREITEHBefore Their Eyes
0.7%

You're not logged in!

Compare scores with friends on all Sporcle quizzes.
OR
Log In

Show Comments

Extras

Top Quizzes Today


Score Distribution

Your Account Isn't Verified!

In order to create a playlist on Sporcle, you need to verify the email address you used during registration. Go to your Sporcle Settings to finish the process.

Report this User

Report this user for behavior that violates our Community Guidelines.

Details: